[Event "IECC Swiss email"]
[Site "IECC email"]
[Date "2002.08.11"]
[Round "?"]
[White "Dobrucki, Wawosz"]
[Black "Bongiovanni, Claudio"]
[Result "0-1"]
[WhiteElo "1389"]
[BlackElo "1164"]
[PlyCount "34"]
[EventDate "2002.??.??"]
[EventType "tourn (corr)"]
[EventRounds "6"]
[SourceTitle "Corr 2008"]
[Source "ChessBase"]
[SourceDate "2008.06.24"]
[SourceVersion "1"]
[SourceVersionDate "2008.06.24"]
[SourceQuality "1"]

1. e4 e5 2. Bc4 Nf6 3. d3 Nc6 4. Nf3 Bc5 5. Bg5 h6 6. Bh4 d6 7. 0-0 g5 8. Bg3 Bg4 9. h3 Bxf3 10. Qxf3 h5 11. h4 Nd4 12. Qd1 b5 13. b4 Bb6 14. hxg5 h4 15. Bh2 Nh5 16. c3 bxc4 17. cxd4 Bxd4 0-1

[Event "IECC Swiss email"]
[Site "IECC email"]
[Date "2001.03.16"]
[Round "?"]
[White "Yuey, William"]
[Black "Dobrucki, Wawosz"]
[Result "1/2-1/2"]
[WhiteElo "1877"]
[BlackElo "1339"]
[PlyCount "65"]
[EventDate "2001.??.??"]
[EventType "tourn (corr)"]
[EventRounds "6"]
[SourceTitle "Corr 2008"]
[Source "ChessBase"]
[SourceDate "2008.06.24"]
[SourceVersion "1"]
[SourceVersionDate "2008.06.24"]
[SourceQuality "1"]

1. d4 d5 2. c4 e6 3. Nc3 Nf6 4. Nf3 c6 5. e3 Bb4 6. Bd3 Ne4 7. Qc2 f5 8. 0-0 0-0 9. a3 Bxc3 10. bxc3 Nd7 11. cxd5 exd5 12. c4 Re8 13. cxd5 cxd5 14. a4 a5 15. Ba3 Nb6 16. Ne5 Be6 17. Bxe4 dxe4 18. Rfb1 Bd5 19. Bc5 Nd7 20. Nc4 Nxc5 21. dxc5 Qf6 22. Nd6 Re7 23. Qb2 Qe6 24. Qd4 Ra6 25. Rb2 Rd7 26. Rab1 Ba2 27. Rxb7 Raxd6 28. Rb8+ Kf7 29. cxd6 Bxb1 30. Rxb1 Qxd6 31. Qxd6 Rxd6 32. g3 Ke6 33. Rb5 1/2-1/2